Southville International School and Colleges
Your cart is empty.
  • Cart
  • Lists
    Public lists Eva Luna New books Lux_list list_1
    Your lists Log in to create your own lists
  • Log in to your account
  • Your cookies
  • Search history
Southville International School and Colleges
  • Advanced search
  • Recent comments
  • Most popular
  • Libraries

Log in to your account

Log in with GOOGLE


If you do not have an external account, but do have a local account, you can still log in:

  1. Home
  2. MARC view: Make believe :
Normal view MARC view ISBD view

Make believe : (Record no. 104123)

[ view plain ]
MARC details
000 -LEADER
fixed length control field 00433nam a2200157 a 4500
005 - DATE AND TIME OF LATEST TRANSACTION
control field 20140412111313.0
008 - FIXED-LENGTH DATA ELEMENTS--GENERAL INFORMATION
fixed length control field 030415s19uu xx 00 eng d
020 ## - INTERNATIONAL STANDARD BOOK NUMBER
International Standard Book Number 0-696-01893-4
050 ## - LIBRARY OF CONGRESS CALL NUMBER
Classification number M 700
Item number Ma11 1989
245 ## - TITLE STATEMENT
Title Make believe :
Remainder of title better homes and gardens.
260 ## - PUBLICATION, DISTRIBUTION, ETC. (IMPRINT)
Place of publication, distribution, etc Iowa :
Name of publisher, distributor, etc Meredith Corporation,
Date of publication, distribution, etc 1989.
300 ## - PHYSICAL DESCRIPTION
Extent 32 p. ; ill.
440 ## - SERIES STATEMENT/ADDED ENTRY--TITLE
Title Fun Projects for Kids to Do
650 ## - SUBJECT ADDED ENTRY--TOPICAL TERM
Topical term or geographic name as entry element Projects
Holdings
Withdrawn status Lost status Damaged status Use restrictions Home library Current library Shelving location Date acquired Source of acquisition Total Checkouts Full call number Barcode Date last seen Price effective from Koha item type
        Elizalde Library Elizalde Library Main Section 04/15/2003     M 700 Ma11 1989 E6521 04/12/2014 04/12/2014 Books

Make believe :

APA

(1989). Make believe. Iowa: Meredith Corporation.

Chicago

1989. Make believe. Iowa: Meredith Corporation.

Harvard

(1989). Make believe. Iowa: Meredith Corporation.

MLA

Make believe. Iowa: Meredith Corporation. 1989.

  • Place hold
  • Print
  • Cite
  • Add to your cart (remove)
  • Save record
    BIBTEX Dublin Core MARCXML MARC (non-Unicode/MARC-8) MARC (Unicode/UTF-8) MARC (Unicode/UTF-8, Standard) MODS (XML) RIS
  • More searches
    Search for this title in:
    Other Libraries (WorldCat) Other Databases (Google Scholar) Online Stores (Bookfinder.com) Open Library (openlibrary.org)

Exporting to Dublin Core...

SOUTHVILLE LIBRARY

Southville International School and Colleges Library

1281 Tropical Ave. Cor. Luxembourg St., BF Homes International, Las Pinas City

Tel. No. 8256374 / 252358 Loc. 117/146

Powered by Koha